| 000 | 01697nas a22002417a 4500 | ||
|---|---|---|---|
| 999 |
_c40828 _d40828 |
||
| 005 | 20200520110917.0 | ||
| 007 | cz aa aaaaa | ||
| 008 | 200428c f||poo|||| 00| 0 eng d | ||
| 022 | _a2664-651X | ||
| 040 | _coclc | ||
| 082 |
_a570 _bJOU/B |
||
| 245 |
_aInternational Journal of Molecular Biology and Biochemistry _he-Journal (Open Access) |
||
| 260 |
_bPrime Publications _aDelhi, India |
||
| 300 | _aPDF(online) | ||
| 310 | _aSemiannual | ||
| 365 | _eOpen Access | ||
| 500 | _aInternational Journal of Molecular Biology and Biochemistry is a peer reviewed, indexed, refereed and open access journal. Considers review and research articles related to molecular biology and biochemistry, Biotechnology, Genomics and Bioinformatics, Molecular Biology, Stem Cell Biology, Stem Cells & Development, Cancer stem cells, Biochemical Engineering, Bioprocess Engineering, Multipotent stem cell, Nucleus, Medical Biotechnology, Agro, Food Biotechnology, Bone Transplantation, Cells Tissues Organs, Cell Transplantation, Cytotherapy, Biomedicine, Plant biology, Phytochemistry, Cancer Stem Cells Tumor, Experimental Hematology, Transplantation lymphoma, Stem cell genomes, Embryonic stem cell, Agricultural and Medicinal plants, Crop Productivity, Reproductive Biology and Toxicology, Biochemical Toxicology, DNA Damage and Repair, Plant molecular biotechnology Fetus, Gamete, Gene, Induced pluripotent stem cell, Passage, Totipotent stem cell, etc. | ||
| 650 | 0 |
_92322 _aNatural sciences & mathematics _vLife sciences; biology |
|
| 651 | 0 |
_92254 _aIndia |
|
| 655 | 0 |
_92257 _ae-Journal |
|
| 856 | _uhttp://www.biologyjournals.net/ | ||
| 942 |
_2ddc _cEJ _h570 _k570 _mJOU/B |
||